ARRUPE JESUIT UNIVERSITY

CORONAVIRUS -STOP THE SPREAD - CLEAN,DISINFECT,COVER

A silent action : (Record no. 128555)

MARC details
000 -LEADER
fixed length control field 00762cam a22002297a 4500
001 - CONTROL NUMBER
control field 16879391
003 - CONTROL NUMBER IDENTIFIER
control field ARRUPE
005 - DATE AND TIME OF LATEST TRANSACTION
control field 20181114090214.0
008 - FIXED-LENGTH DATA ELEMENTS--GENERAL INFORMATION
fixed length control field 110719s2011 kyua b 000 0 eng d
010 ## - LIBRARY OF CONGRESS CONTROL NUMBER
LC control number 2011934726
016 7# - NATIONAL BIBLIOGRAPHIC AGENCY CONTROL NUMBER
Record control number 015846999
Source Uk
035 ## - SYSTEM CONTROL NUMBER
System control number (OCoLC)ocn726820699
040 ## - CATALOGING SOURCE
Original cataloging agency BTCTA
Language of cataloging eng
Transcribing agency BTCTA
Modifying agency UKMGB
-- CPE
-- BDX
-- DLC
042 ## - AUTHENTICATION CODE
Authentication code lccopycat
050 00 - LIBRARY OF CONGRESS CALL NUMBER
Classification number BX4705.M542
Item number W726
300 ## - PHYSICAL DESCRIPTION
Dimensions 24 cm.
100 1# - MAIN ENTRY--PERSONAL NAME
Personal name Williams, Rowan,
Dates associated with a name 1950-
9 (RLIN) 43422
245 12 - TITLE STATEMENT
Title A silent action :
Remainder of title engagements with Thomas Merton /
Statement of responsibility, etc Rowan Williams.
260 ## - PUBLICATION, DISTRIBUTION, ETC. (IMPRINT)
Place of publication, distribution, etc Louisville, Ky. :
Name of publisher, distributor, etc Fons Vitae,
Date of publication, distribution, etc 2013.
300 ## - PHYSICAL DESCRIPTION
Extent 96 p. ;
600 10 - SUBJECT ADDED ENTRY--PERSONAL NAME
Personal name Merton, Thomas,
Dates associated with a name 1915-1968.
9 (RLIN) 7952
906 ## - LOCAL DATA ELEMENT F, LDF (RLIN)
a 7
b cbc
c copycat
d 2
e ncip
f 20
g y-gencatlg
942 ## - ADDED ENTRY ELEMENTS (KOHA)
Source of classification or shelving scheme Library of Congress Classification
Koha item type Monograph ( Printed materials)
Holdings
Withdrawn status Lost status Source of classification or shelving scheme Damaged status Not for loan Collection code Home library Current library Shelving location Date acquired Total Checkouts Full call number Barcode Date last seen Date checked out Price effective from Koha item type
    Library of Congress Classification     Main Collection ARRUPE LIBRARY ARRUPE LIBRARY Main Collection 14/11/2018 1 BX4705.M542 W726 46600002557 15/07/2019 03/12/2018 14/11/2018 Monograph ( Printed materials)

 

Arrupe Library. PO Box MP320 Mt Pleasant, Harare, Zimbabwe
263 242 745411|librarian@aju.ac.zw